[Event "24th Panevezys Open"]
[Site "Panevezys LTU"]
[Date "2011.08.13"]
[Round "6.13"]
[White "Barsciauskas,G"]
[Black "Zito,R"]
[Result "1-0"]
[WhiteElo "1854"]
[BlackElo "1730"]

1.e4 e6 2.d4 d5 3.Nd2 Nc6 4.c3 dxe4 5.Nxe4 Qd5 6.Ng3 e5 7.dxe5 Qxd1+ 8.Kxd1 Nxe5
9.f3 Be6 10.b3 O-O-O+ 11.Kc2 h5 12.h4 Ne7 13.N1e2 Nf5 14.Ne4 Be7 15.Ng5 Bxg5
16.hxg5 Nd3 17.Bd2 Nf2 18.Rg1 h4 19.Nf4 Bd7 20.Bc4 Ng3 21.Be3 Bf5+ 22.Kb2 Rhe8
23.Bd4 c5 24.Bxc5 Nd3+ 25.Nxd3 Re2+ 26.Ka3 Bxd3 27.Bxf7 Rc2 28.Bxa7 Ne2 29.Rge1 Nxc3
30.Bg1 Nb5+ 31.Kb4 Rxg2 32.a4 Nd4 33.Bxd4 Rxd4+ 34.Kc3 Rd8 35.f4 Bf5 36.Be6+ Bxe6
37.Rxe6 h3 38.Rh1 h2 39.Ree1 Rf8 40.Ref1 g6 41.Kd3 Rh8 42.Kc4 Kc7 43.Kb5 b6
44.a5 bxa5 45.Kxa5 Rb2 46.Re1 Kd6 47.Re3 Rb1 48.Rxb1 h1=Q 49.Rxh1 Rxh1 50.b4 Rf1
51.Rc3 Kd5 52.Kb5 Ke6 53.Rc6+ Kf5 54.Rf6+ Ke4 55.Rxg6 Rxf4 56.Kb6 Rf5 57.Re6+  1-0

[Event "Botvinnik 100th Open"]
[Site "St Petersburg RUS"]
[Date "2011.08.13"]
[Round "2"]
[White "Boychuk,E"]
[Black "Pimenov,R"]
[Result "0-1"]
[WhiteElo "1889"]
[BlackElo "2173"]

1.e4 e6 2.d4 d5 3.Nd2 Nc6 4.c3 e5 5.exd5 Qxd5 6.dxe5 Nxe5 7.Ngf3 Nxf3+ 8.Qxf3 Qxf3
9.Nxf3 Bg4 10.Ne5 Be6 11.Bb5+ c6 12.Nxc6 a6 13.Bxa6 Rxa6 14.Nd4 Rxa2 15.Rxa2 Bxa2
16.Bf4 Bc5 17.Nf5 g6 18.Nd6+ Bxd6 19.Bxd6 Kd7 20.Be5 f6 21.Bd4 Ke6 22.Kd2 Ne7  0-1

[Event "86th ch-FRA"]
[Site "Caen FRA"]
[Date "2011.08.14"]
[Round "1"]
[White "Vachier Lagrave,M"]
[Black "Edouard,R"]
[Result "1/2-1/2"]
[WhiteElo "2722"]
[BlackElo "2587"]

1.e4 e6 2.d4 d5 3.Nd2 Be7 4.Ngf3 Nf6 5.Bd3 c5 6.e5 Nfd7 7.c3 Nc6 8.O-O a5
9.Qe2 a4 10.Rd1 c4 11.Bc2 b5 12.h4 Nb6 13.a3 Na5 14.h5 Nb3 15.Rb1 Kd7 16.Nf1 Nxc1
17.Rbxc1 Kc7 18.Ne3 Kb7 19.Rf1 f5 20.exf6 gxf6 21.Rce1 Qc7 22.Nh2 Bd6 23.Neg4 Bd7
24.g3 Raf8 25.Qe3 Bc8 26.f4  1/2-1/2

[Event "29th World Junior Girls"]
[Site "Chennai IND"]
[Date "2011.08.14"]
[Round "12.14"]
[White "Lasya,G"]
[Black "Lkhamsuren,U"]
[Result "0-1"]
[WhiteElo "1898"]
[BlackElo "2163"]

1.e4 e6 2.d4 d5 3.Nd2 a6 4.Ngf3 c5 5.exd5 exd5 6.c3 c4 7.b3 cxb3 8.axb3 Bf5
9.Be2 Bd6 10.O-O Ne7 11.h3 Qc8 12.c4 O-O 13.Re1 Ng6 14.Nf1 Nc6 15.Bd3 Nce7
16.Ne5 Bxe5 17.dxe5 dxc4 18.Bxf5 Nxf5 19.bxc4 Qxc4 20.Bb2 b5 21.Qd7 Qe6 22.Qxe6 fxe6
23.Ra5 Nf4 24.Rd1 Rfc8 25.Rd2 Nd5 26.Nh2 Nfe7 27.Nf3 Nb6 28.Re2 Na4 29.Nd4 Kf7
30.Ba3 Nd5 31.Rc2 Nac3 32.Bd6 b4 33.Rb2 Rc4 34.Nc2 Nd1 35.Rb1 N5c3 36.Rxd1 Nxd1
37.Nxb4 Nc3 38.Rxa6 Rxa6 39.Nxa6 Nb5 40.f3 Ke8 41.Bc5 Kd7 42.Be3 Kc6 43.Nb8+ Kd5
44.Nd7 Rc3 45.Kf2 h6 46.f4 Rc7 47.Nf8 Ke4 48.Bb6 Rc6 49.Nd7 Kxf4 50.Be3+ Ke4
51.Nc5+ Kxe5 52.Nd3+ Ke4 53.Nc5+ Kd5 54.Nd3 Rc4 55.Nf4+ Ke4 56.Bd2 e5 57.Ne6 Rc2
58.Ke1 Kd3 59.g4 Rxd2 60.Nc5+ Ke3  0-1

[Event "20th ZMDI Open A"]
[Site "Dresden GER"]
[Date "2011.08.14"]
[Round "9.8"]
[White "Pirrot,D"]
[Black "Rychagov,A"]
[Result "0-1"]
[WhiteElo "2390"]
[BlackElo "2560"]

1.e4 e6 2.d4 d5 3.Nd2 Be7 4.Ngf3 Nf6 5.Bd3 c5 6.e5 Nfd7 7.c3 b6 8.Qe2 a5
9.a4 Ba6 10.Bb5 Qc8 11.dxc5 bxc5 12.c4 O-O 13.O-O Nb6 14.b3 Nc6 15.Re1 Bb7
16.Nf1 Rd8 17.cxd5 exd5 18.Ng3 c4 19.Bxc6 Bxc6 20.Be3 Rb8 21.Bxb6 Rxb6 22.bxc4 dxc4
23.Qxc4 Rb4 24.Qc1 Rxa4 25.h4 Bb4 26.Re3 Rxa1 27.Qxa1 Bxf3 28.Rxf3 Qc2  0-1

[Event "27th Faaker See Open"]
[Site "Latschach AUT"]
[Date "2011.08.14"]
[Round "3"]
[White "Fiala,Va"]
[Black "Stopa,Ja"]
[Result "0-1"]
[WhiteElo "2158"]
[BlackElo "2474"]

1.e4 e6 2.d4 d5 3.Nd2 Be7 4.c3 c5 5.e5 Nc6 6.Ndf3 Nh6 7.Bd3 Qa5 8.a3 Nf5
9.Ne2 Nfxd4 10.Nexd4 cxd4 11.b4 Qc7 12.cxd4 Nxb4 13.Bb5+ Nc6 14.O-O Bd7 15.Bd3 Rc8
16.Bd2 h6 17.Qe2 Na5 18.Bb4 Nc4 19.Rfe1 b5 20.Nd2 Bg5 21.g3 a5 22.f4 axb4
23.fxg5 bxa3 24.g6 O-O 25.gxf7+ Rxf7 26.Qg4 Qa7  0-1

[Event "19th Vidmar Mem"]
[Site "Ljubljana SLO"]
[Date "2011.08.14"]
[Round "9"]
[White "Borisek,J"]
[Black "Mazi,L"]
[Result "1-0"]
[WhiteElo "2543"]
[BlackElo "2332"]

1.e4 e6 2.d4 d5 3.Nd2 Be7 4.Ngf3 Nf6 5.e5 Nfd7 6.Bd3 c5 7.c3 Nc6 8.O-O g5
9.dxc5 Ndxe5 10.Nxe5 Nxe5 11.Nb3 Nxd3 12.Qxd3 e5 13.Qe2 f6 14.Qh5+ Kd7 15.Rd1 Qg8
16.Be3 Kc7 17.Qe2 Be6 18.Na5 Qf7 19.b4 Rhd8 20.a4 Bc8 21.b5 Qe6 22.Rab1 d4
23.cxd4 exd4 24.b6+ axb6 25.Rxb6 Qe5 26.Qb5 Ra7 27.Bd2 Qd5 28.Rc1 Bd7 29.Qd3 Rda8
30.Qxh7 Bxc5 31.Rb5 b6 32.Nb3 Kd6 33.Nxc5 Bxb5 34.Ne4+ Ke5 35.f4+ gxf4 36.Qh5+ Ke6
37.Qh3+ Qf5 38.Nc5+ bxc5 39.Re1+  1-0

[Event "50th World Juniors"]
[Site "Chennai IND"]
[Date "2011.08.15"]
[Round "13"]
[White "Botta,Ga"]
[Black "Gireman,J"]
[Result "1-0"]
[WhiteElo "2261"]
[BlackElo "2084"]

1.e4 e6 2.d4 d5 3.Nd2 Nc6 4.Ngf3 Nf6 5.e5 Nd7 6.Bd3 f6 7.exf6 Qxf6 8.Nf1 e5
9.Ne3 Nb6 10.dxe5 Nxe5 11.Nxe5 Qxe5 12.O-O Bd7 13.Nc4 Nxc4 14.Re1 O-O-O 15.Rxe5 Nxe5
16.Bf4 Nc6 17.Qd2 Bc5 18.a3 h6 19.b4 Bb6 20.Be3 d4 21.Bf4 g5 22.Bg3 Rde8
23.Re1 Rxe1+ 24.Qxe1 h5 25.h4 gxh4 26.Bxh4 Re8 27.Qd1 Bg4 28.Qd2 a5 29.Bg3 Kb8
30.Qh6 Ka7 31.f3 Bd7 32.b5 Ne5 33.Qg7 Nxd3 34.Qxd7 Re1+ 35.Bxe1 Nxe1 36.Kf1 Nxc2
37.Ke2 Nxa3 38.Kd3 a4 39.Qd5 Nb1 40.Qa2 Nc3 41.Qa3 Ba5 42.f4 Nxb5 43.Qxa4 Kb6
44.f5 c5 45.f6 Nd6 46.Qd7 c4+ 47.Kxd4 Bb4 48.f7 Bc5+ 49.Kd5 Nb5 50.Qd8+ Nc7+
51.Kxc4  1-0

[Event "12th Miquel Mas Open"]
[Site "Figueres ESP"]
[Date "2011.08.15"]
[Round "6.3"]
[White "Lillo Castay,V"]
[Black "Alvarez Pedraza,A"]
[Result "0-1"]
[WhiteElo "2281"]
[BlackElo "2551"]

1.e4 e6 2.d4 d5 3.Nd2 Nc6 4.Ngf3 Nf6 5.e5 Nd7 6.c3 f6 7.exf6 Qxf6 8.Bd3 Bd6
9.Qc2 e5 10.dxe5 Ndxe5 11.O-O Bg4 12.Nxe5 Nxe5 13.c4 O-O 14.cxd5 Nxd3 15.Qxd3 Rae8
16.Ne4 Qg6 17.f3 Bxf3 18.Rxf3 Rxf3 19.Qxf3 Qxe4 20.Qxe4 Rxe4 21.Bd2 Bc5+
22.Kf1 Re5 23.Bc3 Rf5+ 24.Ke2 Rf2+ 25.Kd3 Rxg2 26.Re1 Kf7 27.Be5 Bd6 28.Bxd6 cxd6
29.Re6 Rxh2 30.Rxd6 Rxb2 31.Rd7+ Kf6 32.d6 Rb1  0-1

[Event "4th Sabadell Open A"]
[Site "Sabadell ESP"]
[Date "2011.08.15"]
[Round "5"]
[White "Vega Gutierrez,S"]
[Black "Moskalenko,V1"]
[Result "0-1"]
[WhiteElo "2285"]
[BlackElo "2591"]

1.e4 e6 2.d4 d5 3.Nd2 Be7 4.Bd3 c5 5.dxc5 Nf6 6.Qe2 O-O 7.Ngf3 a5 8.O-O Na6
9.Re1 Nxc5 10.e5 Nfd7 11.Nf1 f6 12.exf6 Bxf6 13.Ne3 b6 14.Ng4 Bb7 15.Bb5 Qc7
16.c3 Bc6 17.Bxc6 Qxc6 18.Nxf6+ Nxf6 19.Be3 Rae8 20.Ne5 Qc7 21.Qb5 Nfe4 22.f3 Qxe5
23.Bxc5 bxc5 24.fxe4 d4 25.cxd4 Qxd4+ 26.Kh1 Rb8 27.Qxa5 Rxb2 28.Qa6 Qf6
29.e5 Qg6 30.Rg1 h6 31.Qc6 Rf4 32.Qxc5 Rh4 33.Qc3 Rc2 34.Qf3 Qg5 35.Rae1 Rxa2
36.Re4 Rf2 37.Qd3 Rxe4 38.Qxe4 Qf4 39.Qxf4 Rxf4 40.Re1 Kf7 41.Kg1 Kg6 42.g3 Ra4
43.Kg2 Kf5 44.Rf1+ Kxe5 45.Rf7 g6 46.Rh7 h5 47.h4 Kf6 48.Rh8 e5 49.Re8 Kf5
50.Kf2 Ra2+ 51.Kf3 Ra3+ 52.Kf2 Kg4 53.Re6 Rf3+ 54.Ke2 Rxg3 55.Rxg6+ Kxh4
56.Re6 Rg5 57.Kf3 Kh3 58.Rh6 h4 59.Rh8 Rg4 60.Re8 e4+ 61.Kf2 Kh2 62.Re7 h3
63.Ra7 Rg3 64.Re7 Rf3+ 65.Ke2 Kg2 66.Rxe4 h2 67.Rh4 Rh3 68.Rg4+ Rg3  0-1

[Event "Stare Mesto FIDE Open"]
[Site "Stare Mesto CZE"]
[Date "2011.08.15"]
[Round "5"]
[White "Plat,V"]
[Black "Novotny,M1"]
[Result "0-1"]
[WhiteElo "2410"]
[BlackElo "2327"]

1.e4 e6 2.d4 d5 3.Nd2 Be7 4.Bd3 c5 5.dxc5 Nf6 6.exd5 Qxd5 7.Ngf3 Nbd7 8.c6 Qxc6
9.Qe2 O-O 10.Ne4 Nc5 11.Nxc5 Qxc5 12.O-O b6 13.a4 Bb7 14.a5 bxa5 15.Bd2 Bd8
16.Qe5 Nd7 17.Qg3 Qh5 18.Bc3 g6 19.Be2 Rc8 20.Ne5 Rxc3 21.Qxc3 Qxe5 22.Qxe5 Nxe5
23.f4 Bb6+ 24.Kh1 Nd7 25.Bf3 Bxf3 26.Rxf3 Rc8 27.c3 Rc4 28.Rd1 Nf6 29.g3 Ng4
30.Rd2 Ra4 31.Rf1 Ne3 32.Re1 Ra2 33.Rde2 a4 34.Rxe3 Bxe3 35.Rxe3 Rxb2 36.c4 Rc2  0-1

[Event "26th Teteven Open"]
[Site "Teteven BUL"]
[Date "2011.08.15"]
[Round "3.7"]
[White "Daskalov,D"]
[Black "Todorov,O"]
[Result "1/2-1/2"]
[WhiteElo "2035"]
[BlackElo "2308"]

1.e4 e6 2.d4 d5 3.Nd2 a6 4.Bd3 c5 5.exd5 exd5 6.dxc5 Bxc5 7.Ngf3 Nf6 8.O-O O-O
9.c3 Nc6 10.Nb3 Ba7 11.h3 Ne4 12.Qc2 Bf5 13.Nbd4 Nxd4 14.Nxd4 Bg6 15.Be3 Re8
16.Rae1 Qf6 17.Ne2 Bxe3 18.fxe3 Qg5 19.Nf4 Ng3 20.Bxg6 hxg6 21.Rf3 Nf5 22.Nxd5 Nh4
23.Rf4 Qxd5 24.Rxh4 Qxa2 25.Rf4 Re7 26.Qf2 Rae8 27.Rf1 f6 28.Rf3 Qd5 29.Qc2 f5
30.Rd1 Qf7 31.Qd3 Re4 32.Kf2 Kh7 33.g3  1/2-1/2

[Event "26th Universiade Women"]
[Site "Shenzhen CHN"]
[Date "2011.08.16"]
[Round "3.9"]
[White "Davletbayeva,M"]
[Black "Borosova,Z"]
[Result "1/2-1/2"]
[WhiteElo "2239"]
[BlackElo "2310"]

1.e4 e6 2.d4 d5 3.Nd2 Be7 4.Ngf3 Nf6 5.e5 Nfd7 6.Bd3 c5 7.c3 Nc6 8.O-O g5
9.dxc5 g4 10.Nd4 Ndxe5 11.Bb5 Bd7 12.f4 Nxd4 13.Bxd7+ Qxd7 14.cxd4 Nc6 15.Nb3 h5
16.Be3 Bf6 17.Qd3 Ne7 18.f5 Nxf5 19.Qd1 Ne7 20.Qd3 Nf5 21.Rxf5 exf5 22.Rf1 Kf8
23.c6 bxc6 24.Nc5 Qe7 25.Rxf5 Kg7 26.Qd2 Rae8 27.Bg5 Bxg5 28.Rxg5+ Kf8 29.Re5 Qd6
30.Qb4 Rh6 31.Nd7+ Kg7 32.Qxd6 Rxd6 33.Rxe8 Rxd7 34.Rc8 Rb7 35.b3 Rb6 36.Re8 Rb7
37.Rc8 Rb6 38.Kf2 Ra6 39.a4 Rb6 40.Kg1 Rb7 41.Kf2 Rb6 42.a5 Rxb3 43.Rxc6 Rd3
44.Ra6 Rxd4 45.Rxa7 Ra4 46.a6 h4 47.Ra8 d4 48.a7 Ra2+ 49.Ke1 Kf6 50.Kd1 d3
51.Rg8 Rxa7 52.Rxg4 Ra2 53.Rxh4 Rxg2 54.Rd4 Rxh2 55.Rxd3 Ke5 56.Ke1 Ke4 57.Ra3 f6
58.Kf1 Rd2 59.Ra6 f5 60.Ra3 Rd3 61.Rxd3 Kxd3 62.Kf2 Ke4 63.Ke2 Kf4 64.Kf2 Kg4
65.Kg2 Kf4 66.Kf2 Ke4 67.Ke2 f4 68.Kf2 f3 69.Kf1 Ke3 70.Ke1 Kf4 71.Kf2 Ke4
72.Kf1 Ke5  1/2-1/2

[Event "ch-FRA National B"]
[Site "Caen FRA"]
[Date "2011.08.17"]
[Round "3"]
[White "Abergel,T"]
[Black "Wirig,A"]
[Result "1/2-1/2"]
[WhiteElo "2504"]
[BlackElo "2510"]

1.e4 e6 2.d4 d5 3.Nd2 Be7 4.Ngf3 Nf6 5.e5 Nfd7 6.Bd3 c5 7.c3 b6 8.O-O Ba6
9.Bxa6 Nxa6 10.Qe2 Nc7 11.Rd1 Qc8 12.Nf1 Qa6 13.Rd3 h6 14.Ng3 c4 15.Rd1 b5
16.Bd2 Qc6 17.Ne1 a5 18.Qf3 g6 19.Nc2 Rb8 20.a3 Na6 21.Ne3 h5 22.Nc2 Nb6
23.Qf4 Na4 24.Ra2 Qd7 25.h4 Qd8 26.Ne1 Bxh4 27.Nf3 Be7 28.Ne2 Nc7 29.g3 Rh7
30.Kg2 Kd7 31.Rh1 Rg7 32.Qe3 Qh8 33.Nc1 g5 34.Qe2 Qh7 35.b3 Nb6 36.a4 bxa4
37.bxa4 Rh8 38.Rb2 Kc6 39.g4 h4 40.Kh3 Ra8 41.Qd1 Rgg8 42.Re1 Qg6 43.Ne2 Nd7
44.Qa1 Rab8 45.Reb1 Rxb2 46.Rxb2 f5 47.exf6 Qxf6 48.Neg1 Bd6 49.Be3 Bf4 50.Bxf4 Qxf4
51.Qb1 Qe4 52.Qxe4 dxe4 53.Nd2 Nb6 54.Nxe4 Ncd5 55.Ra2 Rf8 56.Ra3 Nf4+ 57.Kh2 Nd3
58.Nh3 Kd5 59.Nhxg5 Nxf2 60.Nxf2 Rxf2+ 61.Kh3 Rb2 62.Kxh4 Rb3 63.Ra1 Rxc3
64.Re1 Rb3 65.Nxe6 c3 66.Nf4+ Kxd4 67.Ne2+ Kc4 68.g5 Nxa4 69.g6 Rb8 70.Ra1 Nc5
71.Nxc3  1/2-1/2

[Event "27th Faaker See Open"]
[Site "Latschach AUT"]
[Date "2011.08.17"]
[Round "6"]
[White "Niedermeier,T"]
[Black "Kaid,A"]
[Result "1/2-1/2"]
[WhiteElo "2153"]
[BlackElo "2270"]

1.e4 e6 2.d4 d5 3.Nd2 Nc6 4.Ngf3 Nf6 5.e5 Nd7 6.c3 f6 7.Bb5 fxe5 8.dxe5 a6
9.Bxc6 bxc6 10.Qa4 Nc5 11.Qg4 Nd3+ 12.Ke2 Nxc1+ 13.Raxc1 Qd7 14.Ng5 Be7 15.Nxh7 Bf8
16.Qg6+ Qf7 17.Qxf7+ Kxf7 18.Nxf8 Kxf8 19.f4 a5 20.Ke3 Rb8 21.Rb1 a4 22.h3 Ke7
23.b3 axb3 24.axb3 c5 25.b4 cxb4 26.cxb4 Bd7 27.Kd4  1/2-1/2

[Event "Botvinnik 100th Open"]
[Site "St Petersburg RUS"]
[Date "2011.08.17"]
[Round "6"]
[White "Ivkina,O"]
[Black "Pimenov,R"]
[Result "1-0"]
[WhiteElo "2294"]
[BlackElo "2173"]

1.e4 e6 2.d4 d5 3.Nd2 Nc6 4.c3 e5 5.exd5 Qxd5 6.Ngf3 exd4 7.Bc4 Qf5 8.cxd4 Be6
9.O-O O-O-O 10.Qa4 Kb8 11.Nb3 Bxc4 12.Qxc4 Qd5 13.Qa4 Nf6 14.Be3 Nd7 15.Ne5 Ncxe5
16.dxe5 Nb6 17.Qf4 Be7 18.Rac1 g5 19.Qg3 h5 20.Rfe1 Bb4 21.Rf1 h4 22.Qg4 Be7
23.Rfd1 Qe6 24.Qxe6 fxe6 25.Nd4 Rh6 26.Nb5 Rxd1+ 27.Rxd1 Rh8 28.Kf1 c6 29.Bxb6 cxb5
30.Rd7 Re8 31.Ba5 b4 32.Rd4 Rc8 33.Bxb4 Bxb4 34.Rxb4 Rc5 35.f4 g4 36.Re4 Kc7
37.Re3 Rc1+ 38.Kf2 Rb1 39.Re2 Rh1 40.Rd2 h3 41.Kg3 Rg1 42.Rf2 Kd7 43.Kxg4 Rxg2+
44.Kf3 Rg1 45.Rc2 b6 46.b3 Kd8 47.Rc6 Kd7 48.Rd6+ Ke7 49.Rd2 Ke8 50.b4 Ke7
51.b5 Ke8 52.Rd3 Rg2 53.Ra3 Rxh2 54.Rxa7 Rb2 55.Rh7 Rxa2 56.Rxh3 Rb2 57.Kg4 Rxb5
58.Kg5 Rb4 59.Rh7 b5 60.f5 exf5 61.Kf6 f4 62.e6 Kd8 63.Rh8+ Kc7 64.e7 Re4
65.e8=Q Rxe8 66.Rxe8 Kd6 67.Kf5 f3 68.Ke4 Kc5 69.Rc8+ Kb4 70.Kxf3 Ka3 71.Ke3 b4
72.Kd3 Ka2 73.Rb8 b3 74.Kc3  1-0

[Event "10th Lichtenberger Sommer"]
[Site "Berlin GER"]
[Date "2011.08.18"]
[Round "6.52"]
[White "Ruether,Marc"]
[Black "Kuehnemund,Lutz"]
[Result "1/2-1/2"]
[WhiteElo "1808"]
[BlackElo "2081"]

1.e4 e6 2.d4 d5 3.Nd2 Nc6 4.Ngf3 Nf6 5.e5 Nd7 6.c3 f6 7.exf6 Qxf6 8.Bb5 Bd6
9.O-O O-O 10.Nb3 e5 11.dxe5 Ndxe5 12.Be2 Be6 13.Nbd4 Nxf3+ 14.Nxf3 h6 15.Be3 Kh8
16.Nd4 Qe5 17.g3 Bh3 18.Re1 Nxd4 19.Qxd4  1/2-1/2

[Event "1st Metropolitan International"]
[Site "Los Angeles USA"]
[Date "2011.08.18"]
[Round "2"]
[White "Kiewra,K"]
[Black "Bercys,S"]
[Result "1/2-1/2"]
[WhiteElo "2351"]
[BlackElo "2487"]

1.e4 e6 2.d4 d5 3.Nd2 Nc6 4.c3 dxe4 5.Nxe4 Qd5 6.Nd2 e5 7.Ngf3 exd4 8.Bc4 Qf5
9.Nxd4 Nxd4 10.cxd4 Be6 11.Qa4+ Bd7 12.Qb3 O-O-O 13.O-O  1/2-1/2

[Event "1st Metropolitan International"]
[Site "Los Angeles USA"]
[Date "2011.08.18"]
[Round "2"]
[White "Hall,Bobby"]
[Black "Abrahamyan,T"]
[Result "0-1"]
[WhiteElo "2044"]
[BlackElo "2343"]

1.e4 e6 2.d4 d5 3.Nd2 Be7 4.Ngf3 Nf6 5.e5 Nfd7 6.Bd3 c5 7.c3 Nc6 8.O-O g5
9.b4 cxb4 10.cxb4 Nxb4 11.Be2 Nf8 12.Nb3 Ng6 13.Ne1 Bd7 14.Nd3 Nc6 15.Be3 a5
16.Bh5 b6 17.f4 a4 18.Nd2 Na5 19.Qf3 Bb5 20.Bxg6 fxg6 21.Bf2 O-O 22.g3 Rc8
23.Rfb1 Bxd3 24.Qxd3 gxf4 25.gxf4 Rxf4 26.Be3 Rg4+ 27.Kh1 Nc4 28.Bf2 Nxd2
29.Qxd2 Qf8 30.Qe2 Re4 31.Qd2 Qf3+ 32.Kg1 Re2  0-1

[Event "Stare Mesto FIDE Open"]
[Site "Stare Mesto CZE"]
[Date "2011.08.18"]
[Round "8"]
[White "Andreev,Ed UKR"]
[Black "Novotny,M1"]
[Result "1-0"]
[WhiteElo "2458"]
[BlackElo "2327"]

1.e4 e6 2.d4 d5 3.Nd2 Be7 4.Ngf3 Nf6 5.e5 Nfd7 6.Bd3 c5 7.c3 Nc6 8.O-O cxd4
9.cxd4 O-O 10.Re1 f5 11.exf6 Nxf6 12.Nf1 Bd6 13.Bd2 Bd7 14.Ng3 Qb6 15.Bc3 Rad8
16.Qd2 Bc8 17.Rad1 Qc7 18.Qe2 g6 19.a3 Qg7 20.b4 a6 21.Rb1 Ng4 22.h3 Nf6
23.a4 Qc7 24.b5 axb5 25.axb5 Ne7 26.Rbc1 Bxg3 27.Bb4 Bxf2+ 28.Qxf2 Qd7 29.Qh4 Nf5
30.Bxf5 exf5 31.Re7 Qxb5 32.Qh6 Rf7 33.Rxf7 Kxf7 34.Ne5+ Ke6 35.Qg7 Qe8 36.Nd3 f4
37.Nxf4+ Kf5 38.Be7 Qh8 39.Qf7 Kxf4 40.Bxf6 Qf8 41.Qc7+  1-0

[Event "ch-FRA Accession"]
[Site "Caen FRA"]
[Date "2011.08.19"]
[Round "4.16"]
[White "Jablonski,N"]
[Black "Etrog,J"]
[Result "0-1"]
[WhiteElo "2277"]
[BlackElo "2188"]

1.e4 e6 2.d4 d5 3.Nd2 Nc6 4.Ngf3 Nf6 5.e5 Nd7 6.c3 f6 7.exf6 Qxf6 8.Bd3 Bd6
9.O-O O-O 10.Re1 Kh8 11.Nf1 e5 12.Bg5 Qf7 13.Bh4 e4 14.Ng5 Qf4 15.Qh5 Nf6
16.Nf7+ Rxf7 17.Qxf7 Qxh4 18.g3 Qh3  0-1

[Event "ch-FRA National B"]
[Site "Caen FRA"]
[Date "2011.08.19"]
[Round "5"]
[White "Fargere,Fr"]
[Black "Wirig,A"]
[Result "1/2-1/2"]
[WhiteElo "2492"]
[BlackElo "2510"]

1.e4 e6 2.d4 d5 3.Nd2 Be7 4.e5 c5 5.Qg4 Kf8 6.dxc5 Nc6 7.Ngf3 h5 8.Qg3 h4
9.Qf4 g5 10.Qa4 Bd7 11.Bb5 a6 12.Bxc6 Bxc6 13.Qd4 Nh6 14.h3 Nf5 15.Qg4 Nh6
16.Qd4 Nf5 17.Qg4 Nh6 18.Qh5  1/2-1/2

[Event "XVI Seahorse Open A"]
[Site "Rewal POL"]
[Date "2011.08.19"]
[Round "1.15"]
[White "Gajek,R"]
[Black "Jaroch,P"]
[Result "1/2-1/2"]
[WhiteElo "2054"]
[BlackElo "2250"]

1.e4 e6 2.d4 d5 3.Nd2 Nc6 4.Ngf3 Nf6 5.e5 Nd7 6.Be2 f6 7.exf6 Qxf6 8.Nf1 Bd6
9.Ne3 O-O 10.O-O h6 11.c4 Qf7 12.b3 e5 13.dxe5 Ndxe5 14.Bb2 dxc4 15.Nxc4 Nxc4
16.Bxc4 Be6 17.Rc1 Rad8 18.Qe2 Rde8 19.Rfe1 Bxc4 20.Qxc4 Rxe1+ 21.Nxe1 Qxc4
22.Rxc4 Nb4 23.Ba3 a5 24.Bxb4 axb4 25.g3 c5 26.Nd3 Rf3 27.Nxc5 b5 28.Rc2 Rc3
29.Rxc3 bxc3 30.Nd3 c2 31.a4 bxa4 32.bxa4 Bb4 33.Kf1 Bd2 34.a5 Bxa5 35.Ke2 h5
36.Nc1 g5 37.Kd3 Bb6 38.f3 Bc7 39.Kxc2 h4 40.Ne2 Kf7 41.Kd3 Kf6 42.Ke4 Bb8
43.gxh4 Bxh2 44.h5 Be5 45.Nc1 Ba1 46.Nd3 Bc3 47.Nf2 Ke6 48.Ng4 Bh8 49.Ne3 Bg7
50.Nf5 Bh8 51.Nd4+ Kd6 52.h6 Ke7 53.Nc6+ Ke6 54.Nd8+ Kf6 55.Kd5 Kg6 56.Ke6 g4
57.fxg4 Kxh6 58.Kf5 Bb2 59.Ne6 Bc1 60.Kf6  1/2-1/2

[Event "Botvinnik 100th Open"]
[Site "St Petersburg RUS"]
[Date "2011.08.19"]
[Round "8"]
[White "Boychuk,E"]
[Black "Nedostup,D"]
[Result "0-1"]
[WhiteElo "1889"]
[BlackElo "2033"]

1.e4 e6 2.d4 d5 3.Nd2 Nc6 4.Ngf3 Nf6 5.Bd3 Nb4 6.O-O Nxd3 7.cxd3 Be7 8.e5 Nd7
9.Nb3 O-O 10.Ne1 a5 11.Qg4 f5 12.Qh3 a4 13.Nd2 b6 14.f4 c5 15.Ndf3 Nb8 16.Kh1 Nc6
17.Rg1 c4 18.g4 Ba6 19.gxf5 Rxf5 20.dxc4 dxc4 21.Nc2 Bb7 22.d5 Nxe5 23.fxe5 Qxd5
24.Ne1 Rxf3 25.Nxf3 Qxf3+ 26.Qxf3 Bxf3+ 27.Rg2 Rd8  0-1

[Event "Botvinnik 100th Open"]
[Site "St Petersburg RUS"]
[Date "2011.08.19"]
[Round "8"]
[White "Barhudarian,R"]
[Black "Pimenov,R"]
[Result "1-0"]
[WhiteElo "2325"]
[BlackElo "2173"]

1.e4 e6 2.d4 d5 3.Nd2 Nc6 4.Ngf3 Nf6 5.e5 Nd7 6.Nb3 f6 7.Bb5 Be7 8.O-O f5
9.c4 dxc4 10.d5 exd5 11.Bxc6 bxc6 12.Na5 Nb8 13.Nd4 c5 14.Nac6 Nxc6 15.Nxc6 Qd7
16.Nxe7 Kxe7 17.e6 Kxe6 18.Re1+ Kd6 19.b4 cxb4 20.Bf4+ Kc5 21.Re5 Bb7 22.a3 a5
23.Be3+ Kb5 24.Qd4 Qd6 25.Re6 Qxe6 26.Qc5+ Ka4 27.axb4+ Kb3 28.bxa5 Qd6 29.Qb5+ Kc3
30.Rc1+ Kd3 31.Qb1+  1-0

[Event "1st Metropolitan International"]
[Site "Los Angeles USA"]
[Date "2011.08.20"]
[Round "6"]
[White "Adams,Mi"]
[Black "Holt,C"]
[Result "1-0"]
[WhiteElo "2715"]
[BlackElo "2438"]

1.e4 e6 2.d4 d5 3.Nd2 Be7 4.Ngf3 Nf6 5.e5 Nfd7 6.c3 c5 7.Bd3 Nc6 8.O-O a5
9.a4 cxd4 10.cxd4 Nb4 11.Bb5 O-O 12.Nb1 Nb8 13.Nc3 Bd7 14.Bf4 N8c6 15.Qd2 Na7
16.Be2 Rb8 17.h4 b5 18.axb5 Bxb5 19.Nxb5 Nxb5 20.h5 Nc6 21.h6 g6 22.Bxb5 Rxb5
23.Rfc1 Rb6 24.Rc2 f6 25.exf6 Bxf6 26.Rac1 Qd7 27.g3 Bh8 28.Kg2 Bf6 29.Qe3 a4
30.Rc3 Bh8 31.R1c2 Nb4 32.Re2 Rc6 33.Be5 Rxc3 34.Qxc3 Qb5 35.Qe3 Bxe5 36.Nxe5 Qe8
37.Qc3 Qe7 38.Re3 Na6 39.Qc6 Nb8 40.Qxa4 Qg5 41.Qb4 Qxh6 42.Qe7 g5 43.Rf3  1-0

[Event "Shepetivka Open"]
[Site "Shepetivka UKR"]
[Date "2011.08.20"]
[Round "7.4"]
[White "Terletsky,O"]
[Black "Ponyatyscyn,Yaroslav"]
[Result "1-0"]
[WhiteElo "2199"]
[BlackElo "2234"]

1.e4 e6 2.d4 d5 3.Nd2 a6 4.Ngf3 Nf6 5.e5 Nfd7 6.Bd3 c5 7.c3 Nc6 8.O-O Qb6
9.dxc5 Bxc5 10.b4 Be7 11.Re1 f6 12.exf6 Nxf6 13.Nb3 O-O 14.Qe2 Bd7 15.Be3 Qc7
16.Bc5 Rae8 17.Bxe7 Rxe7 18.Ne5 Nxe5 19.Qxe5 Qxe5 20.Rxe5 Ng4 21.Re2 e5 22.f3 Nf6
23.c4 dxc4 24.Bxc4+ Kh8 25.Rd1 Rc8 26.Nc5 a5 27.Nxd7 Nxd7 28.Bb5 Nf6 29.bxa5 Ra8
30.Red2 g6 31.Rd8+ Rxd8 32.Rxd8+ Kg7 33.a4 e4 34.fxe4 Nxe4 35.a6 bxa6 36.Bxa6 Ra7
37.Bb5 Kf6 38.Rd7 Ra5 39.Rd3 Ke5 40.Kf1 Nd6 41.Rb3 Kd4 42.Rb1 Kc3 43.Rc1+ Kb4
44.Rc7 Nxb5 45.axb5 Rxb5 46.Rxh7 Kc5 47.Rd7 Kc6 48.Rd3 Rf5+ 49.Ke2 Rf8 50.Ke3 Kc5
51.Ke4 Rh8 52.h3 Rf8 53.Ke5 Rf5+ 54.Ke6 Rg5 55.g4 Kc4 56.Rd6 Ra5 57.Kf6 g5
58.Kg6 Ra3 59.Kxg5 Rxh3 60.Kg6 Kc5 61.Rd1 Rh2 62.g5 Kc6 63.Kg7 Kc7 64.g6 Rf2
65.Kg8 Rh2 66.g7 Rf2 67.Rh1  1-0

[Event "Manhattan Open"]
[Site "New York USA"]
[Date "2011.08.21"]
[Round "8"]
[White "Santarius,E"]
[Black "Markzon,G"]
[Result "1/2-1/2"]
[WhiteElo "2311"]
[BlackElo "2241"]

1.e4 e6 2.d4 d5 3.Nd2 Be7 4.Bd3 c5 5.dxc5 Nf6 6.Qe2 a5 7.Ngf3 Na6 8.e5 Nd7
9.c3 Naxc5 10.Bb5 O-O 11.Nd4 Qc7 12.f4 a4 13.O-O f6 14.N2f3 f5 15.Kh1 Nb6
16.Rg1 h5 17.h3 Ne4 18.g4 h4 19.g5 g6 20.Nxh4 Kg7 21.a3 Rh8 22.Qe1 Nc4 23.Kg2 Bd7
24.Nhf3 Kf7 25.Bxc4 dxc4 26.Be3 b5 27.Rd1 Nc5 28.Qe2 Qb7 29.Nc2 Nd3 30.Ne1 Nc5
31.Bxc5 Bxc5 32.Rh1 Bc6 33.Kg3 Be4 34.Rh2 Rad8 35.h4 Bb6 36.Rd6 Qc7 37.Qd1 Bc5
38.Rxd8 Qxd8 39.Rd2 Bd5 40.Nd4 Qb6 41.Rh2 Be4 42.h5 gxh5 43.Rxh5 Qd8 44.Ng2 Bxd4
45.cxd4 Bxg2 46.Kxg2 Kg6 47.Rxh8 Qxh8 48.Qd2 Qa8+ 49.Kf2 Qe4 50.Kg3 Qb1 51.Kf2 Qe4
52.Kg3 Qb1 53.Kf2  1/2-1/2

[Event "Manhattan Open"]
[Site "New York USA"]
[Date "2011.08.21"]
[Round "9"]
[White "Getz,A"]
[Black "Markzon,G"]
[Result "1/2-1/2"]
[WhiteElo "2313"]
[BlackElo "2241"]

1.e4 e6 2.d4 d5 3.Nd2 Be7 4.Ngf3 Nf6 5.e5 Nfd7 6.Nb3 a5 7.Rb1 b6 8.c3 O-O
9.Bd2 c5 10.Na1 Nc6 11.Bb5 Ndb8 12.O-O f6 13.exf6 Bxf6 14.Bf4 Ba6 15.Bxa6 Nxa6
16.Bg3 Qd7 17.Nc2 cxd4 18.cxd4 Nab4 19.Nxb4 axb4 20.a4 b3 21.Ra1 Rac8 22.Be5 Bxe5
23.dxe5 Na5 24.Nd4 Rc4 25.Nxb3 Rb4 26.Nxa5 bxa5 27.b3 Qb7 28.Rb1 Qb6 29.Qd3 Re4
30.Qg3 Rf5 31.Rfe1 Qd4 32.Rxe4 Qxe4 33.Rc1 h6 34.Qc3 d4 35.Qxa5 Rxf2 36.Kxf2 Qe3+
37.Kf1 Qxc1+ 38.Ke2 Qe3+ 39.Kf1 Qd3+ 40.Ke1 Qe3+  1/2-1/2

[Event "17th Vienna Open A"]
[Site "Vienna AUT"]
[Date "2011.08.21"]
[Round "9.16"]
[White "Degraeve,JM"]
[Black "Ganaus,H"]
[Result "1/2-1/2"]
[WhiteElo "2574"]
[BlackElo "2287"]

1.e4 e6 2.d4 d5 3.Nd2 Be7 4.Ngf3 Nf6 5.e5 Nfd7 6.c3 c5 7.Bd3 Nc6 8.O-O a5
9.Re1 cxd4 10.cxd4 g5 11.h3 h5 12.Nf1 g4 13.hxg4 hxg4 14.N3h2 Bb4 15.Re3 Qh4
16.Rg3 f5 17.exf6 Nxf6 18.Bf4 Rg8 19.Be5 Ke7 20.Qe2 Rh8 21.Rd1 Bd7 22.Bxf6+ Qxf6
23.Nxg4 Qh4 24.Nfh2 Bd6 25.Rh3 Qg5 26.Rxh8 Rxh8 27.g3 Nxd4 28.Qe3 Qxe3 29.Nxe3 Be5
30.Nhg4 Bg7 31.f4 Kd6 32.Bf1 b5 33.Kf2 a4 34.Bg2 Rg8 35.Rh1 Nc6 36.b3 axb3
37.axb3 Nd4 38.b4 Rh8 39.Rd1 Rf8 40.Rh1 Rh8 41.Rd1 Rf8 42.Rh1  1/2-1/2

[Event "ch-FRA National B"]
[Site "Caen FRA"]
[Date "2011.08.22"]
[Round "7"]
[White "Shirazi,K"]
[Black "Wirig,A"]
[Result "0-1"]
[WhiteElo "2352"]
[BlackElo "2510"]

1.e4 e6 2.d4 d5 3.Nd2 Be7 4.Bd3 c5 5.dxc5 Nf6 6.exd5 Qxd5 7.Ngf3 Nbd7 8.O-O Nxc5
9.Bc4 Qh5 10.Re1 Ncd7 11.b3 b5 12.Be2 Qc5 13.c4 b4 14.a3 Qb6 15.axb4 Bxb4
16.Ba3 Nc5 17.Bxb4 Qxb4 18.Nd4 Bb7 19.Nc2 Qc3 20.b4 O-O-O 21.Nb1 Qb2 22.Nd2 Qc3
23.Nb1 Qe5 24.Nd2 Qf4 25.bxc5 Rxd2 26.Qc1 Ng4  0-1